Statistics for Hamlet: Who Killed Who

Click here to take the quiz!

General Stats

  • This quiz has been taken 70 times
  • The average score is 8 of 9

Answer Stats

KilledKiller% Correct
PoloniusHamlet
98%
King HamletClaudius
95%
ClaudiusHamlet
92%
LaertesHamlet
92%
King FortinbrasKing Hamlet
90%
OpheliaHerself
89%
Rosencrantz and GuildensternHamlet (Indirectly)
87%
HamletLaertes
81%
GertrudeHerself
76%

Score Distribution

Percentile by Number Answered

Percent of People with Each Score

Your Score History

You have not taken this quiz